000 00546nam a22001697a 4500
999 _c64088
_d64088
003 Ge_BSU
005 20260327121117.0
008 260327s1992 ge ||||| |||| 00| 0 geo d
041 _ageo
080 _a338.138 ჯ-85
100 _aჯულაყიძე, გ.
_927206
245 _aმარკეტინგის საკითხები /
_cგ. ჯულაყიძე.
264 _aთბილისი,
_c1992.
300 _a93 გვ. ;
_b20 სმ.
653 _aმარკეტინგი
942 _2udc
_cᲬᲘᲒᲜᲘ